000 00637nam a2200169 4500
001 8731
005 20181127190614.0
020 0 0 _a9789993665533
090 0 0 _a305
100 0 0 _aRabgyal, Dechen.
245 0 0 _aYouth civic engagement :
_bconcepts, agents, reflections, empowerment /
_cDechen Rabgyal.
_h
260 0 0 _aKanglung, Trashigang ;
_bRoyal University of Bhutan,
_c2008.
300 0 0 _axxiii, 246 pages ;
_c21 cm.
505 _aCONTENT:Background and Introduction -- Part one:Concepts -- Part two:Agents -- Part three:Reflections -- Part Four:Empowerment.
_g
_r
_t
650 0 0 _aYouth -- Bhutan.
_x
999 _c7565
_d7565